Photosynthesis (Record no. 37318)

MARC details
000 -LEADER
fixed length control field 00633nam a2200241Ia 4500
082 ## - DEWEY DECIMAL CLASSIFICATION NUMBER
Classification number 581.132
Item number HAL
100 ## - MAIN ENTRY--AUTHOR NAME
Personal name HALL, D O
245 #0 - TITLE STATEMENT
Title Photosynthesis
250 ## - EDITION STATEMENT
Edition statement Ed.3
260 ## - PUBLICATION, DISTRIBUTION, ETC. (IMPRINT)
Place of publication London
Name of publisher Edward Arnold
Year of publication 1972
490 ## - SERIES STATEMENT
Series statement Institute of Biology's studies in biology. 37
650 ## - SUBJECT ADDED ENTRY--TOPICAL TERM
Topical Term Chlorophyll
650 ## - SUBJECT ADDED ENTRY--TOPICAL TERM
Topical Term Co2 fixation
650 ## - SUBJECT ADDED ENTRY--TOPICAL TERM
Topical Term Electron transport
650 ## - SUBJECT ADDED ENTRY--TOPICAL TERM
Topical Term Phosphorylation
650 ## - SUBJECT ADDED ENTRY--TOPICAL TERM
Topical Term Photosynthesis
650 ## - SUBJECT ADDED ENTRY--TOPICAL TERM
Topical Term Photosynthetic apparatus
650 ## - SUBJECT ADDED ENTRY--TOPICAL TERM
Topical Term Photosynthetic bacteria
650 ## - SUBJECT ADDED ENTRY--TOPICAL TERM
Topical Term Quantum theory
700 ## - ADDED ENTRY--PERSONAL NAME
Personal name RAO, K K
942 ## - ADDED ENTRY ELEMENTS (KOHA)
Koha item type Books
Holdings
Withdrawn status Lost status Damaged status Not for loan Home library Current library Date acquired Full call number Accession Number Koha item type
        RRII Library RRII Library 16/12/2021 581.132 HAL 17704 Books